Obrana mesačník Ministerstva obrany SR
| Other Authors: | , , |
|---|---|
| Format: | Journal |
| Language: | Slovak |
| PhysicalDescription: | zv. 30 cm |
| Published: |
Bratislava
Vojenská informačná a tlačová agentúra
1993-
Bratislava Vydavateľská a informačná agentúra KOd KaMO Bratislava Ministerstvo obrany Slovenskej republiky |
| ISSN: | 1336-1910 |
| Subjects: | |
| Online Access: | http://www.mod.gov.sk/obrana-2014/ |
MARC
| LEADER | 00000cas a2200000 a 4500 | ||
|---|---|---|---|
| 001 | vtls008408721 | ||
| 003 | SK-MaSNL | ||
| 005 | 20260424043902.0 | ||
| 008 | 051109c19939999xo mr p 0 b0slo | ||
| 022 | |a 1336-1910 |y 1336-2910 | ||
| 035 | |a (SVKBB03)vtls000047787 | ||
| 040 | |a SVKPO |b slo |c SVKPO |d SNK |d SVKBB |e AACR2 | ||
| 041 | 0 | |a slo | |
| 043 | |a e-xo--- | ||
| 044 | |a xo |c SK | ||
| 072 | 7 | |a 355/359 |x Vojenstvo. Obrana krajiny. Ozbrojené sily |2 konspekt | |
| 080 | |a 355/359 |2 2011 | ||
| 080 | |a 355.3 |2 2011 | ||
| 080 | |a 355.11 |2 2011 | ||
| 080 | |a (437.6) |2 2011 | ||
| 080 | |a (051)-027.561 |2 2011 | ||
| 080 | |a 050 |2 2011 | ||
| 210 | 0 | |a Obrana |b (Tlačené vyd.) | |
| 222 | 0 | |a Obrana |b (Tlačené vydanie) | |
| 245 | 0 | 0 | |a Obrana |b mesačník Ministerstva obrany SR |
| 246 | 1 | 3 | |a Obrana - Armáda |
| 246 | 1 | 3 | |a Obrana |b vojenský týždenník |f 1993-14/1999 |
| 246 | 1 | 3 | |a Obrana |b vojenský dvojtýždenník |f 15/1999-2002 |
| 246 | 1 | 3 | |a Obrana - Armáda |b dvojtýždenník Ministerstva obrany SR |f 2003-2004 |
| 246 | 1 | 3 | |a Obrana |b mesačník Ministerstva obrany SR |f 2005 |
| 260 | |a Bratislava |b Vojenská informačná a tlačová agentúra |c 1993- | ||
| 260 | 2 | |3 2001-2005 |a Bratislava |b Vydavateľská a informačná agentúra KOd KaMO | |
| 260 | 3 | |3 2006- |a Bratislava |b Ministerstvo obrany Slovenskej republiky | |
| 300 | |a zv. |c 30 cm | ||
| 310 | |a 1x mesačne |b 2005- | ||
| 321 | |a 1x týždenne |b 1993-14/1999 | ||
| 321 | |a 26x ročne |b 15/1999-2004 | ||
| 362 | 0 | |a Roč. 1, č. 1 (1993)- | |
| 500 | |a Podnázov v tiráži: mesačník Ministerrsva obrany SR, založený v Clevelande (USA) 1914, obnovený v Bratislave v roku 1993 ; do r. 2004: dvojtýždenník Ministerstva obrany SR ; od r. 2005: mesačník Ministerstva obrany SR | ||
| 500 | |a Šéfredaktor: Pavol Vitko ; 3/2011-4/2015, Lukáš Milan ; 5/2012- , Pavol Vitko | ||
| 500 | |a Registračné číslo: MK SR 758/93 ; EV 412/08 | ||
| 550 | |a 2006-11/2014 vydáva Ministerstvo obrany SR, Komunikačný odbor | ||
| 550 | |a 12/2014-10/2016 vydáva Ministerstvo obrany SR, SEĽUZ (sekcia ľudských zdrojov) | ||
| 610 | 1 | 7 | |a Slovensko. |b Armáda |2 SNKKA |9 116379 |
| 650 | 0 | 7 | |a vojenstvo |2 SNKPH |9 22591 |
| 650 | 0 | 7 | |a armáda |2 SNKPH |9 1643 |
| 650 | 0 | 7 | |a profesionálni vojaci |2 SNKPH |9 57087 |
| 651 | 7 | |a Slovensko |2 SNKPHgeo |9 14231 | |
| 655 | 7 | |a odborné časopisy |2 SNKPH |9 70505 | |
| 700 | 1 | |a Vitko, Pavol, |d 1964- |4 pbd |9 219103 | |
| 700 | 1 | |a Milan, Lukáš, |4 pbd |9 267784 | |
| 700 | 1 | |a Sčepka, Miroslav |4 pbd |9 267785 | |
| 710 | 1 | |a Slovensko. |b Ministerstvo obrany |4 pbl |9 114952 | |
| 850 | |a Štátna vedecká knižnica v Prešove | ||
| 856 | 4 | 1 | |u http://www.mod.gov.sk/obrana-2014/ |
| 910 | |a snk | ||
| 916 | |a 1993-2013, 2014-2016, 2017, 2018, 2019, 2020 | ||
| 999 | |c 4083 |d 6013 | ||
| 952 | |t č. 1-6 |a SNK |b SNK |y PREZ |7 0 |p 17A1434704 |o snkČSB 4463/28/2020/1 |i snk2021/8736 |8 0 |f 1 |0 0 |1 0 |4 0 |d 2021-07-14 |l 0 |r 2026-02-21 19:29:44 |w 2026-02-21 | ||
| 952 | |t č. 7-12 |a SNK |b SNK |y PREZ |7 0 |p 17A1434703 |o snkČSB 4463/28/2020/2 |i snk2021/8739 |8 0 |f 1 |0 0 |1 0 |4 0 |d 2021-07-14 |l 0 |r 2026-02-21 19:29:44 |w 2026-02-21 | ||
| 952 | |t č. 1-26 |a SNK |b SNK |y PREZ |7 0 |p 17A0492073 |o snkČSB 4463/10/2002 |i snkČSP 1478/2004 |f 1 |3 rekatalogizácia |0 0 |1 0 |4 0 |d 2005-12-03 |l 0 |r 2026-02-21 19:30:17 |w 2026-02-21 | ||
| 952 | |t č. 1-27 |a SNK |b SNK |y PREZ |7 0 |p 17A0655709 |o snkČSB 4463/8/2000 D1 |i snkPV 865/2003 |0 0 |1 0 |4 0 |d 2010-04-23 |l 0 |r 2026-02-21 19:42:58 |w 2026-02-21 | ||
| 952 | |t č. 1-52 |a SNK |b SNK |y PREZ |7 0 |p 17A0655757 |o snkČSB 4463/6/1998 D1 |i snkČSP 3432/99 |0 0 |1 0 |4 0 |d 2010-04-23 |l 0 |r 2026-02-21 19:42:58 |w 2026-02-21 | ||
| 952 | |t č. 1-52 |a SNK |b SNK |y PREZ |7 0 |p 17A0655811 |o snkČSB 4463/5/1997 D1 |i snkČSP 3430/99 |0 0 |1 0 |4 0 |d 2010-04-23 |l 0 |r 2026-02-21 19:42:58 |w 2026-02-21 | ||
| 952 | |t č. 1-52 |a SNK |b SNK |y PREZ |7 0 |p 17A0655810 |o snkČSB 4463/4/1996 D1 |i snkČSP 424/97 |0 0 |1 0 |4 0 |d 2010-04-23 |l 0 |r 2026-02-21 19:42:58 |w 2026-02-21 | ||
| 952 | |t č. 1-26, neúplné |a SNK |b SNK |y PREZ |7 0 |p 17A0655809 |o snkČSB 4463/10/2002 D1 |i snkPV 1479/2004 |z chýba č. 19, 27 |0 0 |1 0 |4 0 |d 2010-04-23 |l 0 |r 2026-02-21 19:42:59 |w 2026-02-21 | ||
| 952 | |t č. 1-12 |a SNK |b SNK |y PREZ |7 0 |p 17A0867419 |o snkČSB 4463/19/2011 D1 |i snk2014/577 |8 0 |0 0 |1 0 |4 0 |d 2014-01-09 |l 0 |r 2026-02-21 19:43:47 |w 2026-02-21 | ||
| 952 | |t č. 1-12 |a SNK |b SNK |y PREZ |7 0 |p 17A0867420 |o snkČSB 4463/19/2011 |i snk2014/580 |8 0 |f 1 |0 0 |1 0 |4 0 |d 2014-01-09 |l 0 |r 2026-02-21 19:43:47 |w 2026-02-21 | ||
| 952 | |t č. 1-12 |a SNK |b SNK |y PREZ |7 0 |p 17A0867421 |o snkČSB 4463/20/2012 D1 |i snk2014/589 |8 0 |0 0 |1 0 |4 0 |d 2014-01-09 |l 0 |r 2026-02-21 19:44:30 |w 2026-02-21 | ||
| 952 | |t č. 1-12 |a SNK |b SNK |y PREZ |7 0 |p 17A0867422 |o snkČSB 4463/20/2012 |i snk2014/5911 |8 0 |f 1 |0 0 |1 0 |4 0 |d 2014-01-09 |l 0 |r 2026-02-21 19:44:30 |w 2026-02-21 | ||
| 952 | |t č. 1-12 |a SNK |b SNK |y PREZ |7 0 |p 17A0867423 |o snkČSB 4463/21/2013 |i snk2014/609 |8 0 |f 1 |0 0 |1 0 |4 0 |d 2014-01-09 |l 0 |r 2026-02-21 19:44:30 |w 2026-02-21 | ||
| 952 | |t č. 7-12 |a SNK |b SNK |y PREZ |7 0 |p 17A1520406 |o snkČSB 4463/30/2022/2 |i snk2023/8574 |8 0 |f 1 |0 0 |1 0 |4 0 |d 2023-05-29 |l 0 |r 2026-02-21 19:47:16 |w 2026-02-21 | ||
| 952 | |t č. 1-6 |a SNK |b SNK |y PREZ |7 0 |p 17A1523874 |o snkČSB 4463/30/2022/1 D1 |i snk2024/13116 |8 0 |0 0 |1 0 |4 0 |d 2024-08-19 |l 0 |r 2026-02-21 19:51:25 |w 2026-02-21 | ||
| 952 | |t č. 7-12 |a SNK |b SNK |y PREZ |7 0 |p 17A1523875 |o snkČSB 4463/30/2022/2 D1 |i snk2024/13117 |8 0 |0 0 |1 0 |4 0 |d 2024-08-19 |l 0 |r 2026-02-21 19:51:25 |w 2026-02-21 | ||
| 952 | |t č. 1-6 |a SNK |b SNK |y PREZ |7 0 |p 17A1464267 |o snkČSB 4463/27/2019/1 D1 |i snk2022/15589 |8 0 |0 0 |1 0 |4 0 |d 2022-10-13 |l 0 |r 2026-02-21 20:02:19 |w 2026-02-21 | ||
| 952 | |t č. 7-12 |a SNK |b SNK |y PREZ |7 0 |p 17A1464268 |o snkČSB 4463/27/2019/2 D1 |i snk2022/15590 |8 0 |0 0 |1 0 |4 0 |d 2022-10-13 |l 0 |r 2026-02-21 20:02:19 |w 2026-02-21 | ||
| 952 | |t č. 1-6 |a SNK |b SNK |y PREZ |7 0 |p 17A1464269 |o snkČSB 4463/28/2020/1 D1 |i snk2022/15591 |8 0 |0 0 |1 0 |4 0 |d 2022-10-13 |l 0 |r 2026-02-21 20:02:19 |w 2026-02-21 | ||
| 952 | |t č. 7-12 |a SNK |b SNK |y PREZ |7 0 |p 17A1464270 |o snkČSB 4463/28/2020/2 D1 |i snk2022/15592 |8 0 |0 0 |1 0 |4 0 |d 2022-10-13 |l 0 |r 2026-02-21 20:02:19 |w 2026-02-21 | ||
| 952 | |t č. 1-12 |a SNK |b SNK |y PREZ |7 0 |p 17A0679385 |o snkČSB 4463/12/2004/1 |i snk2011/6799 |8 0 |f 1 |0 0 |1 0 |4 0 |d 2011-03-24 |l 0 |r 2026-02-21 20:05:44 |w 2026-02-21 | ||
| 952 | |t č. 1-12 |a SNK |b SNK |y PREZ |7 0 |p 17A0679387 |o snkČSB 4463/12/2004/1 D1 |i snk2011/6800 |8 0 |0 0 |1 0 |4 0 |d 2011-03-24 |l 0 |r 2026-02-21 20:05:44 |w 2026-02-21 | ||
| 952 | |t č. 13-26 |a SNK |b SNK |y PREZ |7 0 |p 17A0679386 |o snkČSB 4463/12/2004/2 |i snk2011/6803 |8 0 |f 1 |0 0 |1 0 |4 0 |d 2011-03-24 |l 0 |r 2026-02-21 20:05:44 |w 2026-02-21 | ||
| 952 | |t č. 13-26 |a SNK |b SNK |y PREZ |7 0 |p 17A0679388 |o snkČSB 4463/12/2004/2 D1 |i snk2011/6804 |8 0 |0 0 |1 0 |4 0 |d 2011-03-24 |l 0 |r 2026-02-21 20:05:44 |w 2026-02-21 | ||
| 952 | |t č. 1-12 |a SNK |b SNK |y PREZ |7 0 |p 17A0679389 |o snkČSB 4463/13/2005 |i snk2011/6807 |8 0 |f 1 |0 0 |1 0 |4 0 |d 2011-03-24 |l 0 |r 2026-02-21 20:05:44 |w 2026-02-21 | ||
| 952 | |t č. 1-12 |a SNK |b SNK |y PREZ |7 0 |p 17A0679390 |o snkČSB 4463/13/2005 D1 |i snk2011/6810 |8 0 |0 0 |1 0 |4 0 |d 2011-03-24 |l 0 |r 2026-02-21 20:05:44 |w 2026-02-21 | ||
| 952 | |t č. 1-12 |a SNK |b SNK |y PREZ |7 0 |p 17A0679391 |o snkČSB 4463/14/2006 |i snk2011/6812 |8 0 |f 1 |0 0 |1 0 |4 0 |d 2011-03-24 |l 0 |r 2026-02-21 20:05:44 |w 2026-02-21 | ||
| 952 | |t č. 1-12 |a SNK |b SNK |y PREZ |7 0 |p 17A0679392 |o snkČSB 4463/14/2006 D1 |i snk2011/6814 |8 0 |0 0 |1 0 |4 0 |d 2011-03-24 |l 0 |r 2026-02-21 20:05:44 |w 2026-02-21 | ||
| 952 | |t č. 1-12 |a SNK |b SNK |y PREZ |7 0 |p 17A0679393 |o snkČSB 4463/15/2007 |i snk2011/6816 |8 0 |f 1 |0 0 |1 0 |4 0 |d 2011-03-24 |l 0 |r 2026-02-21 20:05:44 |w 2026-02-21 | ||
| 952 | |t č. 1-12 |a SNK |b SNK |y PREZ |7 0 |p 17A0679395 |o snkČSB 4463/16/2008 |i snk2011/6820 |8 0 |f 1 |0 0 |1 0 |4 0 |d 2011-03-24 |l 0 |r 2026-02-21 20:05:44 |w 2026-02-21 | ||
| 952 | |t č. 1-12 |a SNK |b SNK |y PREZ |7 0 |p 17A0679396 |o snkČSB 4463/16/2008 D1 |i snk2011/6821 |8 0 |0 0 |1 0 |4 0 |d 2011-03-24 |l 0 |r 2026-02-21 20:05:45 |w 2026-02-21 | ||
| 952 | |t č. 1-12 |a SNK |b SNK |y PREZ |7 0 |p 17A0679397 |o snkČSB 4463/17/2009 |i snk2011/6824 |8 0 |f 1 |0 0 |1 0 |4 0 |d 2011-03-24 |l 0 |r 2026-02-21 20:05:45 |w 2026-02-21 | ||
| 952 | |t č. 1-12 |a SNK |b SNK |y PREZ |7 0 |p 17A0679398 |o snkČSB 4463/17/2009 D1 |i snk2011/6827 |8 0 |0 0 |1 0 |4 0 |d 2011-03-24 |l 0 |r 2026-02-21 20:05:47 |w 2026-02-21 | ||
| 952 | |t č. 1-12 |a SNK |b SNK |y PREZ |7 0 |p 17A0679399 |o snkČSB 4463/18/2010 |i snk2011/6828 |8 0 |f 1 |0 0 |1 0 |4 0 |d 2011-03-24 |l 0 |r 2026-02-21 20:05:47 |w 2026-02-21 | ||
| 952 | |t č. 1-12 |a SNK |b SNK |y PREZ |7 0 |p 17A0679394 |o snkČSB 4463/15/2007 D1 |i snk2011/6817 |8 0 |0 0 |1 0 |4 0 |d 2011-03-24 |l 0 |r 2026-02-21 20:08:56 |w 2026-02-21 | ||
| 952 | |t č. 1-12 |a SNK |b SNK |y PREZ |7 0 |p 17A0679400 |o snkČSB 4463/18/2010 D1 |i snk2011/6832 |8 0 |0 0 |1 0 |4 0 |d 2011-03-24 |l 0 |r 2026-02-21 20:08:57 |w 2026-02-21 | ||
| 952 | |t č. 1-6 |a SNK |b SNK |y PREZ |7 0 |p 17A1464213 |o snkČSB 4463/29/2021/1 |i snk2022/15904 |8 0 |f 1 |0 0 |1 0 |4 0 |d 2022-10-20 |l 0 |r 2026-02-21 20:12:46 |w 2026-02-21 | ||
| 952 | |t č. 7-12 |a SNK |b SNK |y PREZ |7 0 |p 17A1464212 |o snkČSB 4463/29/2021/2 |i snk2022/15906 |8 0 |f 1 |0 0 |1 0 |4 0 |d 2022-10-20 |l 0 |r 2026-02-21 20:12:47 |w 2026-02-21 | ||
| 952 | |t č. 1-32 |a SNK |b SNK |y PREZ |7 0 |p 17A0515727 |o snkČSB 4463/7/1999 D1 |i snkČSP 863/2003 |0 0 |1 0 |4 0 |d 2006-07-28 |l 0 |r 2026-02-21 20:12:56 |w 2026-02-21 | ||
| 952 | |t č. 1-32 + príl. |a SNK |b SNK |y PREZ |7 0 |p 17A0856093 |o snkČSB 4463/7/1999 |i snk2003/862 |z + prílohy |f 1 |0 0 |1 0 |4 0 |d 2013-05-29 |l 0 |r 2026-02-21 20:14:49 |w 2026-02-21 | ||
| 952 | |t č. 1-26 |a SNK |b SNK |y PREZ |7 0 |p 17A0655710 |o snkČSB 4463/9/2001 D1 |i snk2003/857 |0 0 |1 0 |4 0 |d 2010-04-23 |l 0 |r 2026-02-21 20:22:10 |w 2026-02-21 | ||
| 952 | |t č. 1-24, neúplné |a SNK |b SNK |y PREZ |7 0 |p 17A0856084 |o snkČSB 4463/1993 |i snkČSP 4594/94 |z chýba č. 23 |f 1 |0 0 |1 0 |4 0 |d 2014-02-06 |l 0 |r 2026-02-21 20:32:00 |w 2026-02-21 | ||
| 952 | |t č. 20-52 |a SNK |b SNK |y PREZ |7 0 |p 17A0857872 |o snkČSB 4463/1994 |i snkČSP 419/97 |f 1 |0 0 |1 0 |4 0 |d 2014-02-06 |l 0 |r 2026-02-21 20:32:00 |w 2026-02-21 | ||
| 952 | |t č. 1-52 |a SNK |b SNK |y PREZ |7 0 |p 17A0856087 |o snkČSB 4463/3/1995 |i snkČSP 421/97 |z č. 51-52 dvojčíslo |f 1 |0 0 |1 0 |4 0 |d 2014-02-06 |l 0 |r 2026-02-21 20:32:00 |w 2026-02-21 | ||
| 952 | |t č. 1-52 |a SNK |b SNK |y PREZ |7 0 |p 17A0856085 |o snkČSB 4463/4/1996 |i snkČSP 423/97 |z č. 51-52 dvojčíslo |f 1 |0 0 |1 0 |4 0 |d 2014-02-06 |l 0 |r 2026-02-21 20:32:00 |w 2026-02-21 | ||
| 952 | |t č. 1-52 |a SNK |b SNK |y PREZ |7 0 |p 17A0856088 |o snkČSB 4463/5/1997 |i snkČSP 3429/99 |z č. 51-52 dvojčíslo |f 1 |0 0 |1 0 |4 0 |d 2014-02-06 |l 0 |r 2026-02-21 20:32:00 |w 2026-02-21 | ||
| 952 | |t č. 1-52 |a SNK |b SNK |y PREZ |7 0 |p 17A0856092 |o snkČSB 4463/6/1998 |i snkČSP 3431/99 |z č. 51-52 dvojčíslo |f 1 |0 0 |1 0 |4 0 |d 2014-02-06 |l 0 |r 2026-02-21 20:32:00 |w 2026-02-21 | ||
| 952 | |t č. 1-27 |a SNK |b SNK |y PREZ |7 0 |p 17A0856106 |o snkČSB 4463/8/2000 |i snk2003/864 |f 1 |0 0 |1 0 |4 0 |d 2013-05-29 |l 0 |r 2026-02-21 20:41:15 |w 2026-02-21 | ||
| 952 | |t č. 1-26 |a SNK |b SNK |y PREZ |7 0 |p 17A0961343 |o snkČSB 4463/9/2001 |i snk2003/856 |f 1 |0 0 |1 0 |4 0 |d 2013-05-29 |l 0 |r 2026-02-21 20:41:15 |w 2026-02-21 | ||
| 952 | |t č. 1-12 |a SNK |b SNK |y PREZ |7 0 |p 17A0870761 |o snkČSB 4463/21/2013 D1 |i snk2014/27719 |8 0 |0 0 |1 0 |4 0 |d 2014-12-11 |l 0 |r 2026-02-21 20:42:35 |w 2026-02-21 | ||
| 952 | |t č. 1-26 |a SNK |b SNK |y PREZ |7 0 |p 17A0534918 |o snkČSB 4463/11/2003 |i snk2008/19213 |8 0 |f 1 |0 0 |1 0 |4 0 |d 2008-10-09 |l 0 |r 2026-02-21 20:49:42 |w 2026-02-21 | ||
| 952 | |t č. 1-26 |a SNK |b SNK |y PREZ |7 0 |p 17A0534919 |o snkČSB 4463/11/2003 D1 |i snk2008/19214 |8 0 |0 0 |1 0 |4 0 |d 2008-10-09 |l 0 |r 2026-02-21 20:49:42 |w 2026-02-21 | ||
| 952 | |t č. 1-6 |a SNK |b SNK |y PREZ |7 0 |p 17A1556655 |o snkČSB 4463/31/2023/1 |i snk2025/7061 |8 0 |0 0 |1 0 |4 0 |d 2025-04-28 |l 0 |r 2026-02-21 21:10:57 |w 2026-02-21 | ||
| 952 | |t č. 7-12 |a SNK |b SNK |y PREZ |7 0 |p 17A1556656 |o snkČSB 4463/31/2023/2 |i snk2025/7065 |8 0 |0 0 |1 0 |4 0 |d 2025-04-28 |l 0 |r 2026-02-21 21:10:57 |w 2026-02-21 | ||
| 952 | |t č. 1-6 |a SNK |b SNK |y PREZ |7 0 |p 17A1556657 |o snkČSB 4463/31/2023/1 D1 |i snk2025/7068 |8 0 |0 0 |1 0 |4 0 |d 2025-04-28 |l 0 |r 2026-02-21 21:10:57 |w 2026-02-21 | ||
| 952 | |t č. 7-12 |a SNK |b SNK |y PREZ |7 0 |p 17A1556658 |o snkČSB 4463/31/2023/2 D1 |i snk2025/7069 |8 0 |0 0 |1 0 |4 0 |d 2025-04-28 |l 0 |r 2026-02-21 21:10:57 |w 2026-02-21 | ||
| 952 | |t č. 1-6 |a SNK |b SNK |y PREZ |7 0 |p 17A1556659 |o snkČSB 4463/32/2024/1 |i snk2025/7070 |8 0 |0 0 |1 0 |4 0 |d 2025-04-28 |l 0 |r 2026-02-21 21:10:57 |w 2026-02-21 | ||
| 952 | |t č. 7-12 |a SNK |b SNK |y PREZ |7 0 |p 17A1556660 |o snkČSB 4463/32/2024/2 |i snk2025/7071 |8 0 |0 0 |1 0 |4 0 |d 2025-04-28 |l 0 |r 2026-02-21 21:10:57 |w 2026-02-21 | ||
| 952 | |t č. 1-52 |a SNK |b SNK |y PREZ |7 0 |p 17A0579304 |o snkČSB 4463/3/1995 D1 |i snkČSP 422/97 |0 0 |1 0 |4 0 |d 2008-04-30 |l 0 |r 2026-02-21 21:12:05 |w 2026-02-21 | ||
| 952 | |t č. 1-24, neúplné |a SNK |b SNK |y PREZ |7 0 |p 17A0585237 |o snkČSB 4463/1993 D1 |i snkČSP 4595/1994 |z Chýba č. 23 |3 rekatalogizácia |0 0 |1 0 |4 0 |d 2008-05-06 |l 0 |r 2026-02-21 21:12:08 |w 2026-02-21 | ||
| 952 | |t č. 1-6 |a SNK |b SNK |y PREZ |7 0 |p 17A1520403 |o snkČSB 4463/29/2021/1 D1 |i snk2023/8568 |8 0 |0 0 |1 0 |4 0 |d 2023-05-29 |l 0 |r 2026-02-21 21:22:01 |w 2026-02-21 | ||
| 952 | |t č. 7-12 |a SNK |b SNK |y PREZ |7 0 |p 17A1520404 |o snkČSB 4463/29/2021/2 D1 |i snk2023/8571 |8 0 |0 0 |1 0 |4 0 |d 2023-05-29 |l 0 |r 2026-02-21 21:22:04 |w 2026-02-21 | ||
| 952 | |t č. 1-6 |a SNK |b SNK |y PREZ |7 0 |p 17A1520405 |o snkČSB 4463/30/2022/1 |i snk2023/8572 |8 0 |f 1 |0 0 |1 0 |4 0 |d 2023-05-29 |l 0 |r 2026-02-21 21:22:04 |w 2026-02-21 | ||
| 952 | |t č. 1-12 |a SNK |b SNK |y PREZ |7 0 |p 17A1263964 |o snkČSB 4463/22/2014 |i snk2017/19037 |8 0 |f 1 |0 0 |1 0 |4 0 |d 2017-08-25 |l 0 |r 2026-02-21 21:49:04 |w 2026-02-21 | ||
| 952 | |t č. 1-12 |a SNK |b SNK |y PREZ |7 0 |p 17A1263963 |o snkČSB 4463/23/2015 |i snk2017/19038 |8 0 |f 1 |0 0 |1 0 |4 0 |d 2017-08-25 |l 0 |r 2026-02-21 21:49:04 |w 2026-02-21 | ||
| 952 | |t č. 1-12 |a SNK |b SNK |y PREZ |7 0 |p 17A1263962 |o snkČSB 4463/24/2016 |i snk2017/19039 |8 0 |f 1 |0 0 |1 0 |4 0 |d 2017-08-25 |l 0 |r 2026-02-21 21:49:04 |w 2026-02-21 | ||
| 952 | |t č. 1-12 |a SNK |b SNK |y PREZ |7 0 |p 17A1263961 |o snkČSB 4463/22/2014 D1 |i snk2017/19040 |8 0 |0 0 |1 0 |4 0 |d 2017-08-25 |l 0 |r 2026-02-21 21:49:04 |w 2026-02-21 | ||
| 952 | |t č. 1-12 |a SNK |b SNK |y PREZ |7 0 |p 17A1263960 |o snkČSB 4463/23/2015 D1 |i snk2017/19041 |8 0 |0 0 |1 0 |4 0 |d 2017-08-25 |l 0 |r 2026-02-21 21:49:04 |w 2026-02-21 | ||
| 952 | |t č. 20-52 |a SNK |b SNK |y PREZ |7 0 |p 17A1347398 |o snkČSB 4463/1994 D1 |i snkČSP 420/97 |0 0 |1 0 |4 0 |d 2020-01-29 |l 0 |r 2026-02-21 22:05:22 |w 2026-02-21 | ||
| 952 | |t č. 1-12 + 1 príl. |a SNK |b SNK |y PREZ |7 0 |p 17A1367460 |o snkČSB 4463/26/2018 |i snk2019/13195 |8 0 |z Prílohy: Naši na Olympiáde 9.-25. február 2018 (v č. 2) |f 1 |0 0 |1 0 |4 0 |d 2019-05-13 |l 0 |r 2026-02-21 22:06:42 |w 2026-02-21 | ||
| 952 | |t č. 1-6 + príl |a SNK |b SNK |y PREZ |7 0 |p 17A1386637 |o snkČSB 4463/25/2017/1 D1 |i snk2020/2947 |8 0 |z Príl.: Predsedníctvo Slovenskej republiky v Rade EÚ |0 0 |1 0 |4 0 |d 2020-02-07 |l 0 |r 2026-02-21 22:22:52 |w 2026-02-21 | ||
| 952 | |t č. 7-12 |a SNK |b SNK |y PREZ |7 0 |p 17A1386638 |o snkČSB 4463/25/2017/2 D1 |i snk2020/2950 |8 0 |0 0 |1 0 |4 0 |d 2020-02-07 |l 0 |r 2026-02-21 22:22:52 |w 2026-02-21 | ||
| 952 | |t č. 1-6 + 1 príl. |a SNK |b SNK |y PREZ |7 0 |p 17A1432418 |o snkČSB 4463/26/2018/1 D1 |i snk2020/19328 |8 0 |z Prílohy: v č. 2 - Naši na Olympiáde 9.-25. február 2018 |0 0 |1 0 |4 0 |d 2020-10-21 |l 0 |r 2026-02-21 22:23:21 |w 2026-02-21 | ||
| 952 | |t č. 7-12 |a SNK |b SNK |y PREZ |7 0 |p 17A1432416 |o snkČSB 4463/26/2018/2 D1 |i snk2020/19331 |8 0 |0 0 |1 0 |4 0 |d 2020-10-21 |l 0 |r 2026-02-21 22:23:21 |w 2026-02-21 | ||
| 952 | |t č. 1-6 |a SNK |b SNK |y PREZ |7 0 |p 17A1432415 |o snkČSB 4463/27/2019/1 |i snk2020/19332 |8 0 |f 1 |0 0 |1 0 |4 0 |d 2020-10-21 |l 0 |r 2026-02-21 22:23:21 |w 2026-02-21 | ||
| 952 | |t č. 7-12 |a SNK |b SNK |y PREZ |7 0 |p 17A1432414 |o snkČSB 4463/27/2019/2 |i snk2020/19334 |8 0 |f 1 |0 0 |1 0 |4 0 |d 2020-10-21 |l 0 |r 2026-02-21 22:23:21 |w 2026-02-21 | ||
| 952 | |t č. 1-12 |a SNK |b SNK |y PREZ |7 0 |p 17A1267470 |o snkČSB 4463/24/2016 D1 |i snk2018/2859 |8 0 |0 0 |1 0 |4 0 |d 2018-01-31 |l 0 |r 2026-02-21 22:26:20 |w 2026-02-21 | ||
| 952 | |t č. 1-12 + 1 príl. |a SNK |b SNK |y PREZ |7 0 |p 17A1267471 |o snkČSB 4463/25/2017 |i snk2018/2878 |8 0 |z Príl.: Predsedníctvo Slovenskej republiky v Rade EÚ v č. 3 |f 1 |0 0 |1 0 |4 0 |d 2018-01-31 |l 0 |r 2026-02-21 22:26:20 |w 2026-02-21 | ||


